उतरांचल प्रदेश के लोकगाथा गीत / (Record no. 118750)

MARC details
000 -LEADER
fixed length control field 01343nam a22002657a 4500
005 - DATE AND TIME OF LATEST TRANSACTION
control field 20170124103120.0
010 ## - LIBRARY OF CONGRESS CONTROL NUMBER
LC control number B-176179
020 ## - INTERNATIONAL STANDARD BOOK NUMBER
Terms of availability 125.00
International Standard Book Number 8123011245
035 ## - SYSTEM CONTROL NUMBER
System control number B-176179
037 ## - SOURCE OF ACQUISITION
Source of stock number/acquisition Cen Lib/Ret
040 ## - CATALOGING SOURCE
Original cataloging agency DPL
Language of cataloging HN
082 ## - DEWEY DECIMAL CLASSIFICATION NUMBER
Classification number 398.095413
Item number बलूनी
100 ## - MAIN ENTRY--PERSONAL NAME
Personal name बलूनी, दिनेश चन्द्र
9 (RLIN) 43924
245 ## - TITLE STATEMENT
Title उतरांचल प्रदेश के लोकगाथा गीत /
Statement of responsibility, etc दिनेश चन्द्र बलूनी
246 ## - VARYING FORM OF TITLE
Title proper/short title Utrancha pradesh ke lokgatha geet /
Remainder of title by Dinesh chandra Balooni
260 ## - PUBLICATION, DISTRIBUTION, ETC. (IMPRINT)
Place of publication, distribution, etc नयी दिल्ली
Name of publisher, distributor, etc सूचना और प्रसारण मंत्रालय
270 ## - ADDRESS
City नयी दिल्ली
Address सी.जी.ओ. काम्प्लेक्स. लोदी रोड
Postal code 110003
300 ## - PHYSICAL DESCRIPTION
Extent 160पृ.:
Dimensions 20सेमी(सजिल्द )
Other physical details सचित्र
500 ## - GENERAL NOTE
General note सन्दर्भ सूची शामिल
650 ## - SUBJECT ADDED ENTRY--TOPICAL TERM
Topical term or geographic name as entry element लोकगाथा गीत--उतरांचल प्रदेश
General subdivision
Geographic subdivision
9 (RLIN) 81740
650 ## - SUBJECT ADDED ENTRY--TOPICAL TERM
Topical term or geographic name as entry element उतरांचल प्रदेश-- इतिहास
9 (RLIN) 81741
650 ## - SUBJECT ADDED ENTRY--TOPICAL TERM
Topical term or geographic name as entry element Epic song - Utrancl State
9 (RLIN) 81742
650 ## - SUBJECT ADDED ENTRY--TOPICAL TERM
Topical term or geographic name as entry element Utrancl Pradesh-- History
9 (RLIN) 81743
942 ## - ADDED ENTRY ELEMENTS (KOHA)
Source of classification or shelving scheme Dewey Decimal Classification
Koha item type Hindi Books
Classification part 398.095413
Call number suffix बलूनी
Holdings
Withdrawn status Lost status Damaged status Not for loan Home library Current library Date acquired Source of acquisition Cost, normal purchase price Total Checkouts Full call number Barcode Date last seen Date checked out Copy number Cost, replacement price Price effective from Koha item type
        Central Library Central Library 12/09/2015 Cen Lib/Ref 125.00 2 398.095413 बलूनी B-176179 27/11/2021 15/11/2021 1 125.00 12/09/2015 Hindi Books

© Delhi Public Library
Hit Counter
free hit counter